000 01779nam a2200265Ia 4500
999 _c56137
_d56137
001 23238
003 GE_BSU
005 20251113203742.0
008 181216s1999||||ge |||||||||||||| ||geo||
040 _cGE_BSU
041 _ageo
080 _a93/94(072)(042.4) ვ-19
100 _aვარდოსანიძე, სერგო
_926220
245 _aისტორიის სწავლების მეთოდიკა :
_bლექციების კურსი /
_cსერგო ვარდოსანიძე, ზოია ჩიმაკაძე, ელგა ცქიტიშვილი ; [რედ.: ვალერიან ცაავა] ; თბილისის სახ. პედ. უნ-ტი.
264 _aთბილისი :
_b?,
_c1999.
300 _a299 გვ. ;
_c20 სმ.
500 _aსახელმძღვანელოში გაანალიზებულია საშუალო სკოლაში ისტორიის სწავლების ამოცანები, პროგრამები, ისტორიის სასკოლო კურსის შინაარსის საკითხი, გაკვეთილის ჩატარების მეთოდიკა და სხვა.
541 _h15 ლ.
653 _aისტორიის სწავლების მეთოდიკა
653 _aლექციების კურსი
700 _aჩიმაკაძე, ზოია
_eავტორი
_926221
700 _aცქიტიშვილი, ელგა
_eავტორი
_926222
700 _aცაავა, ვალერიან
_eრედაქტორი
_926223
942 _cBK
_2udc